Az olvasmány-napló indítvány az olvasók apraja-nagyja számára /

Elmentve itt :
Bibliográfiai részletek
Szerző: Kemény Ferenc
Dokumentumtípus: Cikk
Megjelent: 1898
Sorozat:Magyar pedagógia : a Magyar Tudományos Akadémia Pedagógiai Bizottságának folyóirata 7
Kulcsszavak:Olvasás tanítása 1898, Olvasmánynapló módszer 1898, Olvasmánynapló
Online Access:http://misc.bibl.u-szeged.hu/7426
LEADER 00738nab a2200181 i 4500
001 misc7426
005 20191106144215.0
008 170607s1898 hu o 0|| hun d
022 |a 0025-0260 
040 |a SZTE Miscellanea Repozitórium  |b hun 
041 |a hun 
100 1 |a Kemény Ferenc 
245 1 3 |a Az olvasmány-napló   |h [elektronikus dokumentum] :  |b indítvány az olvasók apraja-nagyja számára /  |c  Kemény Ferenc 
260 |c 1898 
300 |a 382-388 
490 0 |a Magyar pedagógia : a Magyar Tudományos Akadémia Pedagógiai Bizottságának folyóirata  |v 7 
695 |a Olvasás tanítása 1898, Olvasmánynapló módszer 1898, Olvasmánynapló 
856 4 0 |u http://misc.bibl.u-szeged.hu/7426/1/mp_1898_0548_382-388.pdf  |z Dokumentum-elérés